|
|
|
|
| LEADER |
00000nam0a2200000 4500 |
| 001 |
278244 |
| 005 |
20231101235108.0 |
| 035 |
|
|
|a (RuTPU)RU\TPU\book\301521
|
| 090 |
|
|
|a 278244
|
| 100 |
|
|
|a 20141209d1986 k y0rusy50 ca
|
| 101 |
0 |
|
|a rus
|
| 102 |
|
|
|a UA
|
| 105 |
|
|
|a y z 001zy
|
| 200 |
1 |
|
|a Механизм государственно-монополистического капитализма и его противоречия
|f сост. С. В. Мочерный
|
| 210 |
|
|
|a Киев
|c Вища школа
|d 1986
|
| 215 |
|
|
|a 280 с.
|
| 320 |
|
|
|a Библиогр.: с. 250-273
|
| 320 |
|
|
|a Предметный указатель: с. 274-276
|
| 606 |
1 |
|
|a Экономика
|x Капиталистические страны
|2 stltpush
|3 (RuTPU)RU\TPU\subj\26550
|9 50451
|
| 606 |
1 |
|
|a Экономическая теория
|2 stltpush
|3 (RuTPU)RU\TPU\subj\26589
|9 50481
|
| 610 |
1 |
|
|a государственно-монополистический капитализм
|
| 610 |
1 |
|
|a регулирование
|
| 610 |
1 |
|
|a противоречия
|
| 610 |
1 |
|
|a генезис
|
| 610 |
1 |
|
|a капиталистическая собственность
|
| 610 |
1 |
|
|a эксплуатация
|
| 686 |
|
|
|a У80
|v LBC/SL-A
|2 rubbk
|
| 686 |
|
|
|a У011.53
|v LBC/SL-A
|2 rubbk
|
| 702 |
|
1 |
|a Мочерный
|b С. В.
|4 220
|
| 801 |
|
1 |
|a RU
|b 63413507
|c 20141209
|
| 801 |
|
2 |
|a RU
|b 63413507
|c 20160519
|g RCR
|
| 942 |
|
|
|c BK
|